000 00660nam a2200205Ia 4500
003 GCL
008 140319s9999 xx 000 0 ara d
040 _aGCL /
_cGCL
082 0 4 _a345.06
_bع م
100 1 _aمحمد عزيز
245 1 0 _aمسرح الجريمة فى التحقيق /
_cمحمد عزيز
700 1 _aعبدالستار الجميلى
300 _a150 ص
490 _aالهيئة العامة للاستعلامات
_v0
650 0 4 _aالقانون الجنائى
650 0 4 _aالقانون
650 0 4 _aقانون الاجراءات الجنائية
650 0 4 _aقانون الاثبات الجنائى
942 _2ddc
_cBK
999 _c49946
_d49946